| 000 | 00742nam a2200229Ia 4500 | ||
|---|---|---|---|
| 003 | GCL | ||
| 008 | 140319s9999 xx 000 0 ara d | ||
| 040 |
_aGCL / _cGCL |
||
| 082 | 0 | 4 |
_aق _b929.1 _bا ق |
| 100 | 1 | _aاحمد لطفى السيد | |
| 245 | 1 | 0 |
_aقبائل العرب فى مصر - العليقات والجعافرة وقبائل اخرى / _cاحمد لطفى السيد |
| 260 |
_a[S.N] : _bدار الكتاب المصرى ، _c1936 |
||
| 300 | _a123 | ||
| 490 | _a | ||
| 650 | 0 | 4 | _aمصر |
| 650 | 0 | 4 | _aتاريخ |
| 650 | 0 | 4 | _aالقبائل العربية |
| 650 | 0 | 4 | _aالجعافرة |
| 650 | 0 | 4 | _aالعليقات |
| 650 | 0 | 4 | _aمصر - تاريخ - العصر الحديث (1805 - 1956 ) |
| 942 |
_2ddc _cBK |
||
| 999 |
_c59124 _d59124 |
||